Conceptualizing the roles of vedantic personality and spiritual well-being as drivers of consciousness for sustainable consumption: Authentic synthesis of an ancient philosophy with modern concepts (Record no. 521108)

000 -LEADER
fixed length control field 01352nam a22001577a 4500
008 - FIXED-LENGTH DATA ELEMENTS--GENERAL INFORMATION
fixed length control field 221215b ||||| |||| 00| 0 eng d
100 ## - MAIN ENTRY--PERSONAL NAME
Personal name Mazumdar, Pradeep and Mukhopadhyay, Susmita
245 ## - TITLE STATEMENT
Title Conceptualizing the roles of vedantic personality and spiritual well-being as drivers of consciousness for sustainable consumption: Authentic synthesis of an ancient philosophy with modern concepts
260 ## - PUBLICATION, DISTRIBUTION, ETC. (IMPRINT)
Place of publication, distribution, etc Journal of Human Values
300 ## - PHYSICAL DESCRIPTION
Extent 28(3), Sep, 2022: p.181-1991
520 ## - SUMMARY, ETC.
Summary, etc The study addresses the challenging crisis of sustainable consumption. It explores the philosophy of Samkhya, which is based on nature and spirit, also found in Vedantic knowledge, and synthesizes it with the knowledge of spiritual well-being found in modern literature to conceptualize the roles of the direct, mediating and moderated mediation relationships of different Vedantic personality types, spiritual well-being and family structure with consciousness for sustainable consumption and its three dimensions of environment, society and economy. Based on the conceptualized roles, different models have been proposed. – Reproduced
650 ## - SUBJECT ADDED ENTRY--TOPICAL TERM
Topical term or geographic name as entry element Consciousness for sustainable consumption, Vedantic personality, Spiritual well-being, Samkhya philosophy.
9 (RLIN) 34354
773 ## - HOST ITEM ENTRY
Main entry heading Journal of Human Values
906 ## - LOCAL DATA ELEMENT F, LDF (RLIN)
Subject DIP PHILOSOPHY
942 ## - ADDED ENTRY ELEMENTS (KOHA)
Item type Articles
Holdings
Withdrawn status Lost status Source of classification or shelving scheme Damaged status Not for loan Permanent location Current location Date acquired Serial Enumeration / chronology Barcode Date last seen Koha item type
          Indian Institute of Public Administration Indian Institute of Public Administration 2022-12-15 28(3), Sep, 2022: p.181-1991 AR127669 2022-12-15 Articles

Powered by Koha